header

A history of chemical warfare (Record no. 206427)

MARC details
000 -LEADER
fixed length control field 01168nam a2200313Ia 4500
082 04 - DEWEY DECIMAL CLASSIFICATION NUMBER
Classification number 358/.34/09
100 1# - MAIN ENTRY--AUTHOR NAME
Personal name Coleman, Kim,
245 12 - TITLE STATEMENT
Title A history of chemical warfare
260 ## - PUBLICATION, DISTRIBUTION, ETC. (IMPRINT)
Place of publication New York :
Name of publisher Palgrave Macmillan,
Year of publication 2005.
300 ## - PHYSICAL DESCRIPTION
Number of Pages xxv, 198 p.
650 #0 - SUBJECT ADDED ENTRY--TOPICAL TERM
Topical Term Chemical warfare
Topical Term Military art and science.
856 40 - ELECTRONIC LOCATION AND ACCESS
Uniform Resource Identifier http://site.ebrary.com/lib/rucke/Doc?id=10103769

No items available.

© 2026 Rongo University
Contact us: librarian | system librarian | Rongo university